Real or Fake Crimes - Statistics

General Stats
  • This quiz has been taken 29 times
  • The average score is 5 of 10
Answer Stats
Question Answer % Correct
"Florida Man arrested after making bomb threat against himself" True
80%
"Florida man arrested for throwing alligator through drive-thru window" True
76%
"Kill ’em with kindness’: Florida man attacks neighbors with machete named ‘kindness,’ True
64%
"Florida Man Preformes 'Strange Dance' at McDonald's Before 'Trying to Have Relations With a Railing" True
64%
"Florida Bus Driver arrested after driving students to Birmingham for "Big Party"' False
52%
"Florida Man arrested for trying to cross Atlantic in a giant hamster wheel" True
48%
"Florida Man arrested for dropping water ballons from drones over Mar-A-Lago" False
36%
"Florida Man arrested for driving war tank down highway." False
28%
"Florida Man in custody after water gun stand-off with police" False
16%
"Atlanta Woman attempts to kidnap a gorilla at Zoo" False
12%
No matching quizzes found
Score Distribution
Percent of People with Each Score
Percentile by Number Answered
Your Score History
You have not taken this quiz